| 000 | 00448nam a2200133Ia 4500 | ||
|---|---|---|---|
| 008 | 250506s9999 xx 000 0 und d | ||
| 024 | _a15B-021-SE, 15B-116-SE & 15B-026-SE | ||
| 082 | _a005.3192 KAS | ||
| 100 | _aKashaf Aijaz, Muhammad Akmal & Hafsa Akhlaq | ||
| 245 | 0 | _aStrategic Information System for Resturant (CODE BOOK) | |
| 260 |
_aKarachi: _bUIT, _c2005 |
||
| 600 | _aSoftware Engineering | ||
| 650 | _aBachelor of Computer Science (BS) | ||
| 999 |
_c28219 _d28219 |
||